000 00934nam a2200277 a 4500
001 397
003 BR-CuiBMT
005 20231103160812.0
008 231103b2021 mgba 000 0 por d
020 _a9786555182101
040 _aBR-CuiBMT
_cBR-CuiBMT
080 _22007
_a342.92
090 _a342.92
_bD598
245 1 _aDireito e infraestrutura :
_brodovias e ferrovias - 20 anos da Lei n° 10.233/2001 /
_cSebastião Botto de Barros Tojal , Jorge Henrique de Oliveira Souza, coordenadores ; Armando Castelar Pinheiro, prefácio.
260 _aBelo Horizonte :
_bFórum,
_c2021.
300 _a429 p.:
_bil.
_c22 cm
490 _vv.01
504 _aIncluí bibliografia.
650 _aContrato administrativo
650 _aDireito público
650 _aDireito regulatório
700 _4coord.
_aTojal, Sebastião Botto de Barros
700 _4coord.
_aSouza, Jorge Henrique de Oliveira
830 _v01
942 _2udc
_cLV
999 _c397
_d397